[Event "RUS-Cup final"]
[Site "Samara"]
[Date "1998.09.01"]
[Round "4"]
[White "Balashov, Yuri S"]
[Black "Dreev, Alexey"]
[Result "0-1"]
[WhiteElo "2580"]
[BlackElo "2645"]
[Annotator "Lukacs,P"]
[PlyCount "84"]
[EventDate "1998.08.??"]
[EventType "tourn"]
[EventRounds "11"]
[EventCountry "RUS"]
[SourceTitle "CBM 067"]
[Source "ChessBase"]
[SourceDate "1998.11.30"]
[SourceVersion "2"]
[SourceVersionDate "1998.11.01"]
[SourceQuality "1"]

1. c4 c6 2. e4 d5 3. exd5 Nf6 4. Nc3 cxd5 5. cxd5 Nxd5 6. Nf3 Nxc3 (6... Nc6
$143 7. Bb5 e6 8. O-O Be7 9. d4 O-O 10. Re1 {In comparision to the normal
Tarrasch (or Caro Kann Panov Attack) the B is on b5 instead of d3 or c4.} Nf6
11. Bf4 {Here White wants to insert pressure on the \<<, and not on the >>.}
Nb4 {Black wants to blockade d5 square with the c6 N leaving f6 N for the
defence of the >>.} 12. Ne5 a6 13. Be2 {The B will work well on the long /^
from f3 in the future. Then the ^^ attacks the \<<.} Nbd5 14. Bg3 Nxc3 15. bxc3
Ne4 16. Qd3 Nxg3 17. hxg3 Qc7 (17... Bd7 18. a4 Rc8 19. Bf3 (19. a5 Bd6 20. Bf3
Bxe5 21. Rxe5 Bc6) 19... Qc7 20. Reb1 Rb8 21. a5 Bd6 22. Nxd7 Qxd7 23. Qe4 Rfc8
24. Rxb7 Rxb7 25. Qxb7 Qxb7 26. Bxb7 Rxc3 27. Bxa6 $14) 18. a4 $1 $14 {
Korchnoi-Serper, Luzern 1993}) 7. bxc3 g6 8. d4 (8. h4 $6 {is premature, White
has to finish the development and take the [+] before attacking directly on
the >>.} Bg7 9. h5 Nc6 10. Rb1 Qc7 11. d4 $13 (11. Ba3 $6 Bf5 12. Rb5 a6 13.
Rc5 Qd7 14. Qb3 O-O 15. hxg6 hxg6 16. Bc4 Bf6 $1 17. d4 b5 $1 18. Bd5 Na5 19.
Qd1 Nb7 $1 $19 {A.Sokolov-Karpov, Linares 1987})) 8... Bg7 9. Bd3 Nc6 (9... O-O
10. O-O Qc7 $5 {Black is targeting the hanging pawns.} 11. Ba3 Re8 12. c4 $5 (
12. Qb3 $6 {looks promising, but Black can repell the first wave of attack.}
Nc6 13. Ng5 $5 e6 14. Rab1 (14. Ne4 Rd8) 14... Na5 (14... b6) 15. Qd1 b6 (15...
Nc4 $4 {was a terrible mistake because of} 16. Qa4 $18 {in Motwani-Lalic,
London 1989.}) 16. Qf3 (16. Ne4 Rd8 {Black doesn't want to give the important
light-squared B.} (16... Bb7 17. Nd6 Red8 18. Nxb7 Nxb7 $13) 17. Qf3 Bb7 18.
Nf6+ $2 {pushing too hard.} Kh8 19. Be4 Bxe4 20. Nxe4 Nc4 $17) 16... Bb7 17.
Qh3 h6 18. Ne4 Rad8 19. Bc1 Bxe4 20. Bxe4 Kh7 $13) (12. Rc1) 12... Nc6 13. d5
Bxa1 14. Qxa1 Na5 15. Qd4 $44 {with a similar idea to the Grunfeld exchange
sacrifice line.}) 10. O-O O-O 11. Be4 (11. Re1 b6 $142 (11... Qa5 {
Korneev-Evseev, SU-Cup Novgorod 1997 CBM 60}) (11... Bg4 12. Be4 (12. h3 Bxf3
13. Qxf3 Qa5 14. Bb2 Rac8 $142 {The best place for the rooks is c8 and d8
attacking the hanging pawns.} (14... Rad8 $6 15. Be4 e5 16. Bxc6 bxc6 17. Qxc6
Rb8 18. Re2 Rb6 19. Qc5 Qa6 20. Rae1 Rc8 (20... Qxa2 21. Ba3 $16) 21. Qa3 Qb7
22. c4 $1 (22. dxe5 $2 Bf8 $1) 22... Ra6 23. Qb3 Rb6 24. Qc2 Rbc6 25. c5 $16 {
Nijboer-Korchnoi, NLD-ch 1994}) 15. a4 Rfd8 $11 {Ehlvest-Lobron, Groningen PCA
1993}) 12... Rc8 13. Bg5 Re8 14. Rb1 Qd7 15. h3 Bxf3 16. Bxf3 e6 $1 (16... b6
$2 {allows the weakening move} 17. Bg4 $1 f5 (17... e6 {is met by the central
breakthrough based on the pin on the /^ h3-c8.} 18. d5 $1) 18. Be2 h6 19. Bc1
Kh7 20. d5 $16 {Nunn-T.Petrosian, Tilburg 1982}) 17. d5 exd5 18. Rxe8+ Rxe8 19.
Qxd5 Qc7 20. c4 Nd4 $1 $11 {Romero Holmes-Morovic, Leon 1995}) 12. Be4 (12. Ba3
$6 Bb7 13. Be4 Re8 14. Re3 $6 (14. Rc1 e6 $1 (14... Na5 15. Bxb7 Nxb7 16. c4
$14) 15. Qe2 Rc8 $13) 14... e6 15. h4 Na5 16. Bxb7 Nxb7 17. Ng5 {White's play
is overoptimistic and lacks harmony.} Qd5 18. Qe2 Na5 19. Rf3 Nc4 20. Bc1 e5 $1
$17 {Morozevich-Vyzmanavin, St.Petersburg zt 1994}) (12. Bg5 Bb7 13. Qa4 Qd6
$13) 12... Bb7 13. Bf4 e6 14. Rc1 Qd7 $5 (14... Rc8 {/\ Na5}) 15. h4 Rad8 16.
h5 Ne7 17. hxg6 Nxg6 (17... hxg6 18. Ne5 $16) 18. Bg5 Bxe4 19. Rxe4 f6 20. Bd2
e5 21. Qb3+ (21. Re1 Qg4) 21... Qf7 $11 {Thesing-Gipslis, Pardubice op 1995}) (
11. Bf4 $6 {is met by the agressive} Qa5 $1 12. Qb3 Be6 $1 13. Qxb7 Qxc3 14.
Be4 Nxd4 15. Qxe7 (15. Nxd4 Qxd4) 15... Ne2+ 16. Kh1 Nxf4 $19 {
Koznjak-Dizdarevic, CRO-ch Pula 1995}) 11... Bd7 (11... Na5 12. Bg5 Re8 13. Rc1
Nc4 14. Qe2 Qc7 15. Bd5 {1/2 1/2 Shontier-Gipslis, A/NRW-I 1995} Nb6 (15... Nd6
16. Bf4 $14) 16. Bb3 Bg4 (16... e6 17. c4) 17. h3 Bxf3 18. Qxf3 $14) 12. Re1 (
12. Rb1 Qc7) 12... Rc8 13. Bg5 Re8 14. Rc1 (14. d5 $6 {ruins his own position
after} Na5 15. d6 f6 16. dxe7 Rxe7 17. Bd5+ Kh8 18. Rxe7 Qxe7 19. Be3 b6 $15)
14... Na5 15. Bd3 Nc4 16. Qb3 $6 (16. Qe2 {was more to the point.} Be6 (16...
Qc7 $143 17. Bxc4 Qxc4 18. Qxc4 Rxc4 19. Rxe7 Rxe7 20. Bxe7) 17. Rcd1 Qa5 $13)
16... b5 17. Bxc4 {The whole concept is dubious, if White has to give up his
wonderful B.} Rxc4 (17... bxc4 $6 18. Qb7 Rc7 19. Qe4) 18. Nd2 (18. Ne5 Bxe5
19. dxe5 Qc7 $15 {with a weak P on the c <->.}) 18... Ra4 19. Ne4 Bc6 20. Rcd1
$2 {The hidden threat is easy to overlook.} (20. Nc5 Rc4) (20. Bf4 $142 {
This is best, and why? We will see it from the game.} Bxe4 $1 {Killing the
active N.} (20... Qd5 21. Qxd5 Bxd5 22. Nd6 $1 Rd8 (22... Rb8 $6 23. Nf5 $1 $16
(23. Rxe7 Bf8 24. Re2 Rxa2)) 23. Nxb5 (23. Rxe7 Bf8) 23... Bxa2 24. Rxe7 $16) (
20... Qa5 $5 21. d5 Bd7 22. Bg5 (22. Re2 Rc8) 22... Rxa2 23. Nc5 Bf5 24. d6 $44
) 21. Rxe4 a6 $15) 20... Bd5 $1 {The vertical motifs are easy to overlook!} 21.
Qb1 (21. Qxb5 $4 Ra5 22. Qb4 Bxe4 $19 {and the B on g5 falls.}) 21... Rxa2 $19
{This way Black has won an important P and the game.} 22. Nc5 a6 23. Nd3 Ra4
24. Nb4 Bb7 25. f3 Qc7 26. Qb3 e6 27. Ra1 Rc8 28. Bd2 Rxa1 29. Rxa1 Qd6 30. Be3
e5 31. Rd1 exd4 32. Bxd4 Bxd4+ 33. Rxd4 Qc5 34. Na2 Re8 35. Qd1 a5 36. Qd2 Kg7
37. Nc1 Bd5 38. Nd3 Qb6 39. h4 h5 40. Kh2 Bc4 41. Nf4 a4 42. Qf2 Qf6 0-1

[Event "Pfalz op 01st"]
[Site "Neustadt an der Weinstrasse"]
[Date "2008.02.20"]
[Round "6"]
[White "Tiviakov, Sergei"]
[Black "Postny, Evgeny"]
[Result "0-1"]
[WhiteElo "2649"]
[BlackElo "2627"]
[Annotator "Postny,E"]
[PlyCount "130"]
[EventDate "2008.02.16"]
[EventType "swiss"]
[EventRounds "9"]
[EventCountry "GER"]
[SourceTitle "CBM 122 Extra"]
[Source "ChessBase"]
[SourceDate "2008.03.04"]
[SourceVersion "1"]
[SourceVersionDate "2008.03.04"]
[SourceQuality "1"]

{Grandmaster Sergei Tiviakov is one of the few examples of a top player who
does not necessarily need to have a "killing" opening repertoire to achieve
very good results. It is more important to have good general chess
understanding and the ability to calculate variations correctly. The following
game however went less successfully for him.} 1. e4 c6 2. d3 d5 3. Nd2 Qc7 4.
Qe2 {My opponent has now deviated from his previous games in this line. A
unique situation in modern chess - already on the 4th move the position is out
of theory!} (4. Ngf3 Nd7 (4... Bg4 5. h3 Bh5 6. g3 e6 7. Bg2 Nd7 8. O-O Ngf6 9.
Qe2 dxe4 10. dxe4 e5 11. g4 Bg6 12. Nh4 Bc5 13. c3 a5 14. Nf5 O-O 15. Nb3 Bb6
$11 {1/2-1/2 Tiviakov,S (2663)-Mchedlishvili,M (2609)/Dresden 2007/CBM 118 (31)
}) 5. exd5 cxd5 6. d4 e6 7. Bd3 Ne7 8. O-O g6 9. Re1 Bg7 10. Nf1 Nc6 11. c3 O-O
12. Bg5 e5 13. Ne3 Nb6 14. dxe5 Nxe5 15. Bf4 Nxf3+ 16. Qxf3 Qc6 17. Nc2 $14 {
1-0 Tiviakov,S (2678)-Dreev,A (2698)/Gothenburg 2005/CBM 109 (49)}) 4... dxe4 (
4... g6 {followed by Bf8-g7, e7-e5, Ng8-e7 is another way of development.}) 5.
Nxe4 $1 {Preventing the natural developing move Ng8-f6 which will now corrupt
black's pawn structure.} Bf5 6. g3 Nd7 7. Bg2 Bxe4 ({I didn't like to spoil my
pawn structure after:} 7... e5 $6 8. Nf3 Ngf6 9. Nxf6+ gxf6 $14) ({or} 7...
Ngf6 $6 8. Bf4 e5 9. Nxf6+ gxf6 $14) 8. dxe4 e5 {In this symmetrical setup
White has a slight edge thanks to the bishop pair.} 9. Nf3 Ngf6 10. O-O Bc5 11.
b3 O-O 12. Bb2 Rfe8 13. Bh3 $6 {I think that the bishop has no business being
on h3.} (13. Rad1 {was a more natural continuation.}) 13... Bf8 {Vacating the
c5 square for the knight in order to attack the Pe4.} 14. Rad1 Nc5 15. Nd2 Rad8
16. Bg2 b5 $11 17. f4 $6 {This is a risky decision from the strategical point
of view. On the one hand the queenside offensive is White's only way to fight
for an initiative here. On the other hand, the Pe4 will be a permanent
weakness.} (17. Rfe1 {followed by Nd2-f1 was possible.}) 17... Ncd7 18. Kh1 Bc5
19. a3 {This looks like a waste of time. It was more consequent to play f4-f5
right away.} (19. f5 {looks more in the spirit of the position. During the
game I thought about the following continuation:} Bd4 20. Bc1 (20. c3 Bb6 21.
b4 a5 22. a3 Ba7 $132 {[%cal Gd7b6,Gb6a4]}) 20... Nc5 21. Rf3 {[%cal Gc2c3]} b4
{followed by doubling my rooks along the d-file with the idea of Bd4-c3.})
19... a5 20. Qf3 {Threatening g3-g4-g5 as Black's Nf6 has no place to retreat
to.} h6 $1 21. h4 Qa7 22. Rfe1 (22. g4 $2 exf4 23. g5 hxg5 24. hxg5 Nh7 25.
Qxf4 Ndf8 $17 {White has no real threats. Meanwhile, his position is ruined.})
22... Bf2 $1 23. Re2 $6 (23. Rf1 Be3 (23... Bd4 $6 24. Bxd4 Qxd4 25. Nc4 {
The knight is heading to d6 which is very unpleasant for Black.}) 24. Rfe1 {
Here I would have a difficult choice of repeating moves or playing for a win
by 24...Bb6.}) 23... Bd4 {The exchange of dark-squared bishops is clearly in
Black's favour.} 24. Bc1 (24. Bxd4 Qxd4 $17 {Now 25.Nc4 is no longer possible
- this is the drawback of 23.Re2.}) 24... Bb6 {Moving the bishop away, so as
not to obstruct the d-file.} (24... h5 25. Bh3 Nc5 $2 {The idea of piece
sacrifice does not work out properly:} 26. c3 Bxc3 27. Qxc3 Rd3 28. Qc2 Rxg3
29. Bg2 $16) 25. f5 {Consequently played. The continuation of the game proved
that White's kingside offensive is toothless. On the other hand, it is
difficult to suggest any other constructive plan for White.} h5 {Now White
will have to spend a lot of time to open the g-file.} 26. Bh3 a4 27. Rde1 (27.
b4 c5 28. c3 Ng4 $1 29. Bxg4 hxg4 30. Qxg4 Nf6 31. Qf3 c4 {[%cal Gd8d3] with
the decisive penetration to d3.}) 27... axb3 28. Nxb3 {White must take care of
the d3 square.} (28. cxb3 $2 Nc5 $19 {[%csl Yd3]}) 28... c5 29. g4 hxg4 30.
Bxg4 c4 31. Nd2 Nc5 ({I've considered also} 31... Kf8 {with an idea to move
the king to e7 out of potential danger. But, then I realized that there is no
necessity for it. White still has to make a lot of manoeuvres to create a
single threat along the g-file.}) 32. Bh3 Qb7 33. Rg2 $2 {This is just a
tactical oversight.} (33. h5 {could still keep some tension on.} Kh7 (33... Rd6
34. h6 gxh6 35. Rg2+ Kf8 36. Qg3 Ba5 {is in Black's favour as well.}) 34. Qg3
Rxd2 35. Bxd2 Nfxe4 36. Qg2 Ng3+ 37. Kh2 Nxe2 38. Qxb7 Nxb7 39. Rxe2 f6 {
with a healthy extra pawn.}) {[%tqu "En","White's last move was a clear
mistake. How can Black exploit it?","","","c5d3","",5]} 33... Nd3 $1 $19 34.
Rf1 (34. cxd3 Rxd3 $19 {[%csl Rh3][%cal Gd3h3]}) 34... Nf4 {The knight is
extremely strong on f4. White's position is collapsing as he won't hold the
Pe4.} 35. Rg5 c3 $1 36. Qxc3 Nxe4 37. Qf3 (37. Nxe4 Qxe4+ 38. Bg2 Nxg2 39. Rxg2
Qxh4+ $19) 37... Nd6 $2 {A "cowardly" move but, in mutual time-trouble this
decision was rather practical.} (37... Rxd2 38. Bxd2 Nxh3 39. Rxg7+ Kxg7 40.
f6+ Kh8 {and there is no mate but, during the game I wasn't sure about it.
Therefore, I decided not to take a risk and to transfer the game into a safe
endgame with good winning chances.}) 38. Qxb7 Nxb7 39. Bg2 f6 40. Rg4 Nxg2 41.
Kxg2 Nd6 $19 {All White's remaining pawns are weak, therefore Black's position
is winning.} 42. c4 (42. Ne4 Nxe4 43. Rxe4 Rc8 44. Re2 Rc4 $19 {[%csl Rc2,Rh4]
[%cal Ge8c8]}) 42... e4 {This passed pawn is extremely strong.} 43. cxb5 e3 44.
Nf3 e2 45. Re1 Nxf5 {All Black's pieces are superbly placed compared to their
white counterparts.} 46. Ra4 {The only move to prevent Bb6-a5.} (46. Bd2 Rxd2
47. Nxd2 Ne3+ 48. Kf3 Nxg4 49. Kxg4 Bf2 $19) 46... Rd5 47. Bd2 Rxb5 48. Rc4 Rb3
49. Rf4 Ne3+ 50. Bxe3 Rbxe3 51. Ra4 {Again, the only way to stop Bb6-a5.} Bc5
52. Rc4 Bxa3 53. Kf2 Bd6 54. Rc2 Kh7 55. Rc4 {The capture of the Pe2 is never
possible in view of Bg3+.} Kh6 56. Rc2 Kh5 57. Rc4 R8e7 58. Rc2 R7e4 59. Rc8
Bb4 60. Rh8+ Kg6 61. Rg1+ Kf7 62. Ne1 Bc5 63. Rg3 Rf4+ 64. Kg2 Rxg3+ 65. Kxg3
Rf1 {[%mdl 2080] This important win allowed me to join the leading group with
5.5 points out of 6.} 0-1

[Event "Bazna Kings 4th"]
[Site "Medias"]
[Date "2010.06.24"]
[Round "9"]
[White "Ponomariov, Ruslan"]
[Black "Gelfand, Boris"]
[Result "1/2-1/2"]
[WhiteElo "2733"]
[BlackElo "2741"]
[Annotator "Rogozenco,D"]
[PlyCount "61"]
[EventDate "2010.06.14"]
[EventType "tourn"]
[EventRounds "10"]
[EventCountry "ROU"]
[EventCategory "20"]
[SourceTitle "CBM 137"]
[Source "ChessBase"]
[SourceDate "2010.07.15"]
[SourceVersion "1"]
[SourceVersionDate "2010.07.15"]
[SourceQuality "1"]

1. c4 c6 2. e4 d5 3. cxd5 cxd5 4. exd5 Nf6 5. Bb5+ Nbd7 6. Nc3 a6 7. Be2 b5 8.
d4 b4 9. Na4 Bb7 10. Nf3 Bxd5 11. Bf4 e6 12. Rc1 Be7 13. O-O (13. Bc7 Qc8 {
brings White little. The best he can do is to retreat the bishop to g3 and
then play similarly to the game:} 14. Bg3 Qd8 (14... Qb7 $4 {is a blunder in
view of} 15. Rc7) 15. O-O {and the bishop is on g3 instead of f4. This doesn't
seem to change the evaluation as equal.}) 13... O-O 14. b3 {Thanks to the
better pawn structure Black can be optimistic about the future. It is rather
White who must find a way to develop some initiative.} Ra7 {An interesting
plan - to bring the queen to a8. The drawback is obvious - the rook on a7
remains a bit out of play for a while.} (14... Rc8 {was actually a possible
alternative, since after} 15. Bxa6 Rxc1 16. Bxc1 ({or} 16. Qxc1 Bxf3 17. gxf3
Qa8 18. Be2 Nd5) 16... Qa8 {Black has some compensation for the pawn.}) 15. Ne5
Qa8 16. f3 Qd8 $5 ({After} 16... Rc8 17. Qd2 Rxc1 18. Rxc1 {Black has some
problems due to the awkward rook on a7.}) 17. Bd3 Ba8 18. Qe2 a5 19. Nc6 Bxc6
20. Rxc6 Nd5 21. Bg3 N7b6 22. Nxb6 Nxb6 23. f4 {A very aggressive and
committing move.} ({After} 23. Rfc1 Nd5 (23... Qxd4+ $4 24. Bf2) 24. R1c4 {
the position remains about equal.}) 23... g6 24. Bf2 Nd5 25. Qf3 Rd7 26. Bb5
Rd6 {The rook is back into play and Black's chances should be better now.} 27.
g4 {Continuing in the same aggressive style. But it is difficult to suggest a
sensible plan instead.} Qb8 28. Ba4 f5 $1 29. g5 Nc3 {The transfer of the
knight to e4 is very attractive. However, Black had another very attractive
possibility.} ({Here Gelfand could have played} 29... Rxc6 30. Bxc6 Qxf4 31.
Bxd5 Qxg5+ 32. Bg3 ({or} 32. Kh1 exd5 33. Qxd5+ Kg7 34. Qxa5 Bd6 35. Qd5 Qf4
36. Qg2 Qd2 37. Bg1 Qd3) 32... exd5 33. Qxd5+ Kg7 34. Qxa5 Bd6 {and White must
struggle to survive.}) 30. Re1 Ne4 31. Be3 {Black is still better, but White
has everything protected and it is not simple to break through without
allowing counterplay. After all, Black's king might become vulnerable as well.
Considering the severe time trouble (2 minutes for 10 moves) Gelfand's
decision is understandable.} 1/2-1/2